Powiaty na sześć liter - Statystyki

Ogólne statystyki
  • Ten quiz został rozwiązany 26 razy
  • Średni wynik to 12 z 24
Statystyki odpowiedzi
Powiat % Poprawnych
Gdynia
76%
Elbląg
67%
Gdańsk
67%
Kielce
62%
Kraków
62%
Lublin
62%
Słupsk
62%
Zabrze
62%
Zamość
57%
Kalisz
52%
Krosno
52%
Leszno
52%
Poznań
52%
Tarnów
52%
Kolski
43%
Olecki
43%
Płocki
43%
Oleski
38%
Pilski
38%
Żarski
38%
Rawski
29%
Rybnik
29%
Lipski
19%
Miński
19%
Nie znaleziono quizów pasujących do podanych kryteriów
Rozkład punktacji
Procent ludzi z każdym wynikiem
Percentyl według liczby udzielonych odpowiedzi
Twoja historia wyników
Nie rozwiązałeś tego quizu